| 000 | 00392nam a2200109Ia 4500 | ||
|---|---|---|---|
| 008 | 171212s9999 xx 000 0 und d | ||
| 100 | _aHeaton, Paul | ||
| 245 |
_cHeaton, Paul _aThe Impact of Health Care Reform on Workers’ Compensation Medical Care _bEvidence from Massachusetts |
||
| 260 |
_bRAND Corporation _c2012 |
||
| 650 | _aBusiness | ||
| 856 | _uwww.jstor.org/stable/10.7249/j.ctt3fh29b | ||
| 999 |
_c352675 _d352675 |
||